Name a Valid US State - Statistics

General Stats
  • This quiz has been taken 225 times
    205 since last reset
  • The average score is 6 of 7
Answer Stats
Hint Answer % Correct
Borders Mexico California | Texas | Arizona | New Mexico
99%
Over 10 million People California | Texas | New York | Florida | Pennsylvania | Georgia | Michigan | Illinois | Ohio | North Carolina | New Jersey
99%
In the south NorthCarolina | SouthCarolina | Florida | Georgia | Albama | Mississsippi | Louisiana | Texas | NewMexico | Arizona | Oklahoma | California | Tennessee | Kentucky | Virginia
99%
Not Continental Alaska | Hawaii
95%
Bordering Canada
*GOD THIS IS HARD WORK* use abbreviations
sorry if i got them wrong
AK | WA | ID | MT | ND | MN | WS | MC | OH | PE | NY | VE | NH | MA
94%
New (abbreviation) NM | NY | NH | NJ
77%
Triple Landlocked Nebraska
65%
No matching quizzes found
Score Distribution
Percent of People with Each Score
Percentile by Number Answered
Your Score History
You have not taken this quiz since the last reset